=LDR 00000nam 2200000 4500 =001 INLIS000000000005426 =005 20251015013918 =035 ##$$a 0010-1025000481 =007 ta =008 251015###########################0#ind## =082 ##$$a 353.609 =084 ##$$a 353.609 HAR k =100 #$$a Harsono Sunoyo =245 1#$$a Keputusan Menteri Negara Kependudukan Kepala Badan Koordinasi Keluarga Berencana Nasional /$c Badan Koordinasi Keluarga Berencana Nasional =260 ##$$a Jakarta :$b Badan Koordinasi Keluarga Berencana Nasional,$c 1996 =300 ##$$a 10 Hal : $b Ilus ; $c 21 =650 #4$$a Keluarga Berencana =856 ##$$a Perpustakaan Kemendukbangga